Alle Bahnhöfe/Haltestellen in Niederösterreich - Statistiken

Allgemein
  • Dieses Quiz wurde 115 mal gespielt
  • Das Durchschnittsergebnis liegt bei 76 aus 351
Antwortstatistiken
Bahnhof % Korrekt
Amstetten
64%
Baden
59%
Tullnerfeld
56%
Melk
55%
Mödling
55%
Stockerau
53%
St. Pölten Hauptbahnhof
53%
Hollabrunn
52%
Wiener Neustadt Hauptbahnhof
50%
Gänserndorf
48%
Korneuburg
47%
Retz
47%
Tulln an der Donau
47%
Horn
45%
Tulln Stadt
45%
Deutsch Wagram
44%
Neulengbach
44%
Pöchlarn
44%
Bad Vöslau
42%
Felixdorf
42%
Marchegg
42%
Mistelbach
42%
Schwechat
42%
Absdorf-Hippersdorf
41%
Gmünd
41%
Herzogenburg
41%
Krems an der Donau
41%
Leobersdorf
41%
Strasshof
41%
Gloggnitz
39%
Neunkirchen
39%
Payerbach-Reichenau
39%
Perchtoldsdorf
39%
St. Valentin
39%
Bruck an der Leitha
38%
Flughafen Wien
38%
Langenzersdorf
38%
Scheibbs
38%
Semmering
38%
Traisen
38%
Ybbs an der Donau
38%
Lilienfeld
36%
Loosdorf
36%
Sollenau
36%
Ternitz
36%
Wiener Neustadt Nord
36%
Wolfsthal
36%
Böheimkirchen
35%
Laa an der Thaya
35%
Prinzersdorf
35%
Puchberg am Schneeberg
35%
Purkersdorf Sanatorium
35%
Theresienfeld
35%
Wolkersdorf
35%
Aspang
33%
Bernhardsthal
33%
Fischamend
33%
Hainfeld
33%
Hausleiten
33%
Klosterneuburg-Kierling
33%
Klosterneuburg-Weidling
33%
Kottingbrunn
33%
St. Andrä Wördern
33%
Tullnerbach-Pressbaum
33%
Waidhofen an der Ybbs
33%
Brunn-Maria Enzersdorf
32%
Hohenau
32%
Traismauer
32%
Unter Purkersdorf
32%
Ebreichsdorf
30%
Eichgraben-Altlengbach
30%
Krummnußbaum
30%
Neulengbach Stadt
30%
Petronell-Carnuntum
30%
Pressbaum
30%
Sigmundsherberg
30%
Spillern
30%
Staatz
30%
St. Pölten Traisenpark
30%
Unterretzbach
30%
Allentsteig
29%
Angern
29%
Bisamberg
29%
Erlauf
29%
Gerasdorf
29%
Himberg
29%
Kirchstetten
29%
Leobendorf-Burg Kreuzenstein
29%
Pfaffstätten
29%
Ebenfurth
27%
Eggenburg
27%
Gramatneusiedl
27%
Gutenstein
27%
Hadersdorf am Kamp
27%
Langenlebarn
27%
Mannswörth
27%
Purgstall
27%
Silberwald
27%
Viehofen
27%
Wieselburg an der Erlauf
27%
Bad Deutsch Altenburg
26%
Fels
26%
Herzogenburg-Stadt
26%
Kirchberg am Wagram
26%
Langenlois
26%
Maria Anzbach
26%
Oed
26%
Schwarzenau
26%
Sierndorf
26%
Bad Fischau-Brunn
24%
Dürnkrut
24%
Gaisruck
24%
Gumpoldskirchen
24%
Hainburg Kulturfabrik
24%
Neubau-Kreuzstetten
24%
Pottenbrunn
24%
Purkersdorf Zentrum
24%
Rekawinkel
24%
Schleinbach
24%
Schrambach
24%
Teesdorf
24%
Traiskirchen Aspangbahn
24%
Unterradlberg
24%
Wöllersdorf
24%
Guntramsdorf-Thallern
23%
Helmahof
23%
Küb
23%
Obersdorf
23%
Pottschach
23%
Raasdorf
23%
Schönborn-Mallebarn
23%
St. Pölten Porschestraße
23%
Wiener Neustadt Civitas Nova
23%
Zellerndorf
23%
Achau
21%
Atzenbrugg
21%
Breitenstein
21%
Etsdorf-Strass
21%
Gedersdorf
21%
Jedenspeigen
21%
Kapellerfeld
21%
Kritzendorf
21%
Maria Lanzendorf
21%
Mistelbach Stadt
21%
Niederkreuzstetten
21%
Ober-Grafendorf
21%
Oberradlberg
21%
Pottendorf-Landegg
21%
Seyring
21%
St. Georgen am Steinfelde
21%
St. Pölten Alpenbahnhof
21%
Ulrichskirchen
21%
Untersiebenbrunn
21%
Vitis
21%
Wilhelmsburg an der Traisen
21%
Blindenmarkt
20%
Breitenwaida
20%
Feuerwerksanstalt
20%
Großweikersdorf
20%
Hainburg Personenbahnhof
20%
Haslau
20%
Laubenbachmühle
20%
Moosbierbaum-Heiligeneich
20%
Muckendorf-Wipfing
20%
Paasdorf
20%
Regelsbrunn
20%
Rohrendorf
20%
Siebenbrunn-Leopoldsdorf
20%
Stadt Haag
20%
St. Egyden
20%
St. Johann Weistrach
20%
St. Peter Seitenstetten
20%
St. Pölten Bildungscampus
20%
St. Veit an der Gölsen
20%
Unter Tullnerbach
20%
Wiener Neustadt Anemonensee
20%
Aschbach
18%
Drösing
18%
Enzersdorf bei Staatz
18%
Furth-Göttweig
18%
Furth-Palt
18%
Getzersdorf
18%
Groß Sierning
18%
Guntersdorf
18%
Hainburg Ungartor
18%
Herzogenburg-Wielandsthal
18%
Irnfritz
18%
Kreisbach
18%
Ladendorf
18%
Limberg-Maissau
18%
Mauer-Öhling
18%
Michelhausen
18%
Münchendorf
18%
Neumarkt an der Ybbs-Karlsbach
18%
Obereggendorf
18%
Ober Olberndorf
18%
Oberweiden
18%
Ollersbach
18%
Paudorf
18%
Piesting
18%
Platt
18%
Rohrbach an der Gölsen
18%
Rosenau
18%
Scheiblingkirchen-Warth
18%
Siebenhirten
18%
Sitzenberg-Reidling
18%
Statzendorf
18%
Ullmerfeld-Hausmening
18%
Untereggendorf
18%
Wampersdorf
18%
Breitensee
17%
Dürrwien
17%
Edlitz-Grimmenstein
17%
Gemeinlebarn
17%
Greifenstein-Altenberg
17%
Grünbach am Schneeberg
17%
Hetzmannsdorf-Wullersdorf
17%
Höflein an der Donau
17%
Kirchberg an der Pielach
17%
Klamm-Schottwien
17%
Kottingneusiedl
17%
Lanzenkirchen
17%
Lilienfeld Krankenhaus
17%
Mühling
17%
Petzenkirchen
17%
Pitten
17%
Pürbach-Schrems
17%
Rosenburg
17%
Schlöglmühl
17%
Schönfeld-Lassee
17%
Seebenstein
17%
Trasdorf
17%
Weissenbach-Neuhaus
17%
Wittmannsdorf
17%
Zeiselmauer-Königstetten
17%
Ziersdorf
17%
Berndorf Stadt
15%
Höbersdorf
15%
Katzelsdorf
15%
Lanzendorf-Rannersdorf
15%
Markersdorf an der Pielach
15%
Rabensburg
15%
Saffen
15%
Säusenstein
15%
Sonntagberg
15%
Unter Kritzendorf
15%
Wilfleinsdorf
15%
Wolfsbergkogel
15%
Wopfing
15%
Berndorf Fabrik
14%
Eichberg
14%
Frankenfels
14%
Glinzendorf
14%
Greinsfurth
14%
Hautzendorf
14%
Hennersdorf
14%
Marktl
14%
Mitterbach
14%
Mühling-Plaika
14%
Stillfried
14%
Trautmannsdorf an der Leitha
14%
Trumau
14%
Wildungsmauer
14%
Willendorf
14%
Enzesfeld-Lindabrunn
12%
Hofstetten-Grünau
12%
Krenstetten-Biberbach
12%
Mainburg
12%
Ober Waltersdorf
12%
Puchenstuben
12%
Rabenstein an der Pielach
12%
Sarasdorf
12%
Schönberg am Kamp
12%
Tallesbrunn
12%
Wagram-Grafenegg
12%
Waldegg
12%
Weinburg
12%
Winterbach
12%
Ausschlag-Zöbern
11%
Bad Erlach
11%
Dreistetten
11%
Frättingsdorf
11%
Gars-Thunau
11%
Gobelsburg
11%
Guntramsdorf-Kaiserau
11%
Hirschbach
11%
Hirtenberg
11%
Hörersdorf
11%
Kröllendorf
11%
Laxenburg-Biedermannsdorf
11%
Loich
11%
Ober Piesting
11%
Ortmann
11%
Pernitz Muggendorf
11%
Pernitz Raimundviertel
11%
Schwarzenbach an der Pielach
11%
Sierndorf an der March
11%
Sölling
11%
Stallegg
11%
Tattendorf
11%
Traisen Markt
11%
Waidhofen an der Ybbs Vogelsang
11%
Altenhof
9%
Böhlerwerk an der Ybbs
9%
Buchberg
9%
Erlaufklause
9%
Hilm-Kematen
9%
Hötzelsdorf-Geras
9%
Kamegg
9%
Klangen
9%
Maria Ellend an der Donau
9%
Miesenbach-Waidmannsfeld
9%
Piesting Harzwerk
9%
Plank am Kamp
9%
Stiefern
9%
St. Veit an der Triesting
9%
Weikendorf-Dörfles
9%
Wienerbruck-Josefsberg
9%
Wöllersdorf-Marchgraben
9%
Zöbing
9%
Brunn an der Schneebergbahn
8%
Grünbach Schule
8%
Pernitz Wipfelhofstraße
8%
Rainfeld-Kleinzelll
8%
Schauboden
8%
Stadt Waidhofen an der Ybbs
8%
Steinschal-Tradigist
8%
Urschendorf
8%
Waidhofen an der Ybbs Pestalozzistraße
8%
Waldegg Dürnbach
8%
Boding
6%
Breiteneich bei Horn
6%
Brunn an der Pitten
6%
Gleißenfeld
6%
Grünbach Kohlenwerk
6%
Möllersdorf Aspangbahn
6%
Petersbaumgarten
6%
Sautern-Schiltern
6%
Schwerbach
6%
Wiesenfeld-Schwarzenbach
6%
Winzendorf
6%
Annaberg-Reith
5%
Kammerhof
5%
Pfennigbach
5%
Pottenstein an der Triesting
5%
Rothengrub
5%
Steinklamm
5%
Unter Höflein
5%
Waidhofen an der Ybbs Kupferschmiedgasse
5%
Waidhofen an der Ybbs Lokalbahnhof
5%
Waidhofen an der Ybbs Schillerpark
5%
Keine übereinstimmenden Quizze gefunden
Verteilung der Resultate
Anzahl Personen mit jedem Resultat
Perzentil nach korrekt beantworteten Fragen
Ihre Resultats-Entwicklung
Sie haben dieses Quiz noch nicht gespielt